000 00343nab a22001097u 4500
008 130520b1982 xxu||||| |||| 00| 0 spa d
041 _aspa
100 1 _aWainwright, Geoffrey
_915726
245 0 0 _aHijo de Dios en las doxologías litúrgicas
_cGeoffrey Wainwright
773 0 _tConcilium
_gV.1,1982,págs.370-379
_x0210-1041
_wRev134
942 _cAR
999 _c354838
_d354838